| 000 | 00829nam a22002417a 4500 | ||
|---|---|---|---|
| 999 |
_c10676 _d10676 |
||
| 003 | AR-CdUCM | ||
| 008 | 190401b ||||| |||| 00| 0 spa d | ||
| 040 |
_aMUNICIPALIDAD PROVINCIAL DEL CUSCO _cBIBLIOTECA MUNICIPAL DEL CUSCO |
||
| 082 |
_a869.56 / _bV146E |
||
| 100 |
_aValdivia, Oscar _910062 |
||
| 245 |
_aEl amor que recogimos : _b1969-1979 / |
||
| 260 |
_aArequipa : _bObramundo, _c1980. |
||
| 300 |
_a84 páginas ; _c20 cm. |
||
| 500 | _aDonación de la familia Nieto. Dedicatoria a Luis Nieto. | ||
| 505 | _aContenido: Warmi -- Amor del destierro -- El amor que recogimos -- Memoria del amor ... | ||
| 650 |
_aArequipa _91703 |
||
| 650 |
_aSiglo XX _98 |
||
| 650 |
_aPoesía peruana _9806 |
||
| 650 |
_aLiteratura peruana _9169 |
||
| 650 |
_aLiteratura Latinoamericana _9799 |
||
| 942 |
_2ddc _cLIBROS |
||
| 945 | _acmm | ||